Movies Quiz

Random Movies or Oscar Quiz

2012 Oscars Critical Contrast Quiz Stats

 Plays Quiz Updated Feb 18, 2020

Support Sporcle.
Go Orange.
Score 0/9 Timer 05:00
0 Plays Today
Good Review Best Picture Nominee % Correct
This is movie magic -- history coming to life, before our eyes. (Seattle Times)Lincoln
86.9%
There are many heroes in [director]'s spunky, polished political thriller. But the biggest hero is Hollywood itself. (Boston Phoenix)Argo
84.5%
Depending on whether you love or loathe such stuff, you're likely to either applaud with Lloyd Webber-esque glee, or plan to flee at the nearest opportunity. (The National)Les Miserables
81.8%
Somehow exhibits high art while it walks a fine line between serious historical re-purposing, inflammatory comic excess and brutal violence. (Spectrum)Django Unchained
73.6%
Succeeds less on the merits of aesthetics than its willingness to give in to crowd-pleasing effervescence. (Projection Booth)Silver Linings Playbook
67.5%
[title] must be the most beautiful film of the year, a technical marvel, and magic realism at its most magical. (Daily Mail [UK])Life of Pi
64.9%
A wondrously weird slice of Cajun magic realism... [title] explodes with energy and colour. (Movie Talk)Beasts of the Southern Wild
64.3%
An edge-of-your-seat ride through recent history featuring a great performance at its center. (Advocate)Zero Dark Thirty
61%
Old age isn't for sissies, and neither is this film. (Chicago-Sun Times)Amour
57.4%

You're not logged in!

Compare scores with friends on all Sporcle quizzes.
OR
Log In

From the Vault

European Countries by Leaders

by klempererfamily

We hear all the European leaders get together and play foosball on Thursday nights.
Remove Ads.
Support Sporcle.
Get the best of Sporcle when you Go Orange. This ad-free experience offers more features, more stats, and more fun while also helping to support Sporcle. Thank you for becoming a member.

Show Comments

Extras

Top Quizzes Today


Score Distribution

Your Account Isn't Verified!

In order to create a playlist on Sporcle, you need to verify the email address you used during registration. Go to your Sporcle Settings to finish the process.

Report this User

Report this user for behavior that violates our Community Guidelines.

Details: